| 000 | 00596nam a2200205Ia 4500 | ||
|---|---|---|---|
| 003 | OSt | ||
| 005 | 20250726114647.0 | ||
| 008 | 210423s2001 xx 000 0 und d | ||
| 040 | _cAL | ||
| 041 | _aEnglish | ||
| 082 |
_a150 _bFORY |
||
| 100 |
_aMark Forshaw _9122935 |
||
| 245 | _aYour under graduate psychology project ABPS guide | ||
| 260 |
_aNew Delhi _bAtlantic Publishers and Distributors _c2001 |
||
| 365 |
_b295 _cINR |
||
| 650 |
_aPhilosophy _9122936 |
||
| 650 |
_aPsychology _9122937 |
||
| 906 | _aABPS ; graduate ; guide. ; project ; psychology ; under ; Your | ||
| 942 |
_2ddc _cBK |
||
| 999 |
_c174113 _d174113 |
||